000 nam a22 a 4500
999 _c403138
_d403138
003 BLK
005 20210624124013.0
008 210326b bu |||||r|||| 00| | bu d
040 _aBLK
041 _aBUL
_cBUL
080 _aРазделение на труда в предприятието. Работни звена. Разпределение на задачите
_b331.103.1
_z331.103.1
080 _aМеждународно работническо движение. - І, ІІ и ІІІ Интернационали, междунар. ком. движение, Коминтерн, троцкизъм, ІV интернационал и др.
_b327.323
_z327.323
080 _aЗанаятчийски промишлени производствени системи
_b334.71
_z334.71
100 _91299
_aЛасал, Фердинанд
_eпърви автор
139 _aЛасал, Фердинанд
_bЛ 26
245 _aПрограма на работниците
_bЛекция, четена на 12 април в Ораженбургската околия на Берлинския занаятчийски съюз
_cФердинанд Ласал ; прев. от рус. [Георги Бакалов].
257 _aDEU
260 _9219768
_aТърново
_bб. и.
_c1892
_fТърново : скоропеч. П. Х. Панайотов
300 _a52 с.
_c19 см
380 _a3
490 _9435080
_aКолекция Редки и ценни издания
650 0 _9347413
_aПроизводствени процеси
650 0 _9281622
_aРаботническо движение - Германия - история
650 7 _9173097
_aСъюзи, занаятчийски
651 7 _9178754
_aГермания
653 7 _9195052
_aработническа класа
653 7 _9195053
_aработническо движение
653 7 _9189788
_aлекции
700 _aБакалов, Георги Петров
_eпрев. от рус. ез.
_gне ползмай
_9404387
852 _aРб 892
_bРц
942 _cKNG
_n0
_s1
944 _aCR
_c2021-03-26
_kМЕ
944 _aED
_c2021-04-01
_kКети
999 _d403138
999 _d403138
999 _d403138